MARC
LEADER
00000nam0a2200000 4500
001
113456
005
20231101215128.0
010
|a 5796601679
020
|a RU
|b 90-18952
035
|a (RuTPU)RU\TPU\book\122711
090
|a 113456
100
|a 20070411d1990 m y0rusy5003 ca
101
0
|a rus
102
|a LV
105
|a y z 001zy
200
1
|a Динамическая оптимизация развития электрических сетей
|f В. А. Дале, З. П. Кришан, О. Г. Паэгле
|g Академия наук Латвийской ССР, Физико-энергетический институт
210
|a Рига
|c Зинатне
|d 1990
215
|a 248 с.
|c ил.
320
|a Библиогр.: с. 232-242.
320
|a Предметный указатель: с. 243-245.
606
1
|a Электрические сети
|x Технико-экономические расчеты
|2 stltpush
|3 (RuTPU)RU\TPU\subj\27430
|9 51190
610
1
|a оптимизация
610
1
|a энергетические системы
610
1
|a математические исследования
610
1
|a энергетика
675
|a 621.311.1:658
|v 3
700
1
|a Дале
|b В. А.
|g Вольдемар Антонович
|4 070
701
1
|a Кришан
|b З. П.
|g Зигурд Павлович
701
1
|a Паэгле
|b О. Г.
|g Омар Генрихович
712
0
2
|a Академия наук Латвийской ССР (АН ЛатССР)
|b Физико-энергетический институт (ФЭИ)
|c (Рига)
|2 stltpush
|3 (RuTPU)RU\TPU\col\6763
801
0
|a RU
|b RuMRKP
|c 19950417
|g psbo
801
1
|a RU
|b 63413507
|c 20070411
|g PSBO
801
2
|a RU
|b 63413507
|c 20170818
|g PSBO
942
|c BK